000 00291nam a22001337a 4500
008 170726b xxu||||| |||| 00| 0 eng d
020 _a9781118134610
041 _aeng
080 _a004
100 _a30
101 _aSHK
245 _aWINDOWS 8 FOR DUMMLES
_cRATHBONE,A
942 _2udc
_cBK
999 _c21904
_d21904